[Event "VIE-ch U13 Girls"]
[Site "Ho Chi Minh City"]
[Date "2022.07.12"]
[Round "2"]
[White "Nguyen, Bao Chau"]
[Black "Nguyen, Thanh Khanh Han"]
[Result "1-0"]
[WhiteElo "2127"]
[BlackElo "2122"]
[PlyCount "101"]
[EventDate "2022.07.11"]
[EventType "swiss"]
[EventRounds "9"]
[EventCountry "VIE"]
[SourceTitle "EXT 2023"]
[Source "ChessBase"]
[SourceDate "2022.10.05"]
[SourceVersion "1"]
[SourceVersionDate "2022.10.05"]
[SourceQuality "1"]

1. e4 e5 2. Nf3 Nc6 3. Bc4 Bc5 4. c3 Nf6 5. d3 h6 6. b4 Be7 7. b5 Na5 8. Nxe5 Nxc4 9. Nxc4 d5 10. exd5 Qxd5 11. 0-0 Qxb5 12. Ba3 c5 13. Re1 Be6 14. Nbd2 0-0 15. Rb1 Qd7 16. Ne5 Qc7 17. Ng6 fxg6 18. Rxe6 Nd5 19. Qb3 Qd7 20. Rxe7 Qxe7 21. Qxd5+ Qf7 22. Qxf7+ Rxf7 23. Bxc5 b6 24. Bd4 Rf5 25. Nc4 b5 26. Ne3 Rg5 27. g4 b4 28. Rxb4 Ra5 29. a4 Kh7 30. Rb7 Rg8 31. Rxa7 Rxa7 32. Bxa7 Ra8 33. Bc5 Rxa4 34. d4 Ra1+ 35. Kg2 Ra5 36. Nc4 Ra6 37. d5 Kg8 38. d6 Rc6 39. d7 Rxc5 40. d8Q+ Kh7 41. Nd6 Rxc3 42. Ne4 Rc6 43. Qd7 Ra6 44. Nc5 Rf6 45. Ne6 Rxe6 46. Qxe6 g5 47. Qf5+ Kg8 48. f4 gxf4 49. Qxf4 Kh7 50. h4 Kg6 51. Qf5# 1-0

[Event "VIE-ch U13 Girls"]
[Site "Hanoi"]
[Date "2022.06.16"]
[Round "8"]
[White "Nguyen, Bao Chau"]
[Black "Ngo, Bao Quyen"]
[Result "1/2-1/2"]
[WhiteElo "2156"]
[BlackElo "2132"]
[PlyCount "97"]
[EventDate "2022.06.11"]
[EventType "swiss"]
[EventRounds "9"]
[EventCountry "VIE"]
[SourceTitle "EXT 2023"]
[Source "ChessBase"]
[SourceDate "2022.10.05"]
[SourceVersion "1"]
[SourceVersionDate "2022.10.05"]
[SourceQuality "1"]

1. e4 c5 2. Nf3 d6 3. d4 cxd4 4. Nxd4 Nf6 5. Nc3 a6 6. f3 e5 7. Nb3 Nc6 8. Be3 Be7 9. Qd2 Be6 10. 0-0-0 0-0 11. Be2 a5 12. Kb1 a4 13. Nc1 a3 14. b3 Nb4 15. Nb5 d5 16. c3 Nc6 17. Bg5 Nxe4 18. fxe4 Bxg5 19. Qc2 d4 20. Nd3 Qa5 21. Nc5 dxc3 22. Nxe6 fxe6 23. Qxc3 Qxc3 24. Nxc3 Nd4 25. h4 Bh6 26. g4 Rac8 27. Bc4 Bf4 28. Rxd4 exd4 29. Bxe6+ Kh8 30. Bxc8 Rxc8 31. Nd5 Bg3 32. Ne7 Re8 33. Nf5 Be5 34. Rd1 g6 35. Nh6 Rf8 36. g5 Rf4 37. Rc1 Kg7 38. Rc8 Rf8 39. Rc5 d3 40. Kc1 Bf4+ 41. Kd1 Re8 42. Rc4 Rd8 43. Rb4 Rd7 44. Rc4 Rd8 45. Ng4 b5 46. Rc5 Re8 47. e5 Re7 48. Rd5 d2 49. Rc5 1/2-1/2

[Event "VIE-ch U13 Girls"]
[Site "Hanoi"]
[Date "2022.06.14"]
[Round "5"]
[White "Nguyen, Huynh Tu Phuong"]
[Black "Nguyen, Bao Chau"]
[Result "1/2-1/2"]
[WhiteElo "2133"]
[BlackElo "2156"]
[PlyCount "98"]
[EventDate "2022.06.11"]
[EventType "swiss"]
[EventRounds "9"]
[EventCountry "VIE"]
[SourceTitle "EXT 2023"]
[Source "ChessBase"]
[SourceDate "2022.10.05"]
[SourceVersion "1"]
[SourceVersionDate "2022.10.05"]
[SourceQuality "1"]

1. c4 e5 2. e3 c6 3. d4 exd4 4. exd4 d5 5. Nc3 Nf6 6. Nf3 Bb4 7. a3 Bxc3+ 8. bxc3 Ne4 9. Qb3 0-0 10. cxd5 Re8 11. Be3 cxd5 12. Bd3 Nc6 13. 0-0 h6 14. h3 b6 15. Rac1 Bb7 16. Rfe1 Rc8 17. Bxe4 Rxe4 18. Nd2 Re8 19. Bf4 Qd7 20. Qb1 Re7 21. Nf3 Rce8 22. Rxe7 Rxe7 23. Re1 f6 24. Rxe7 Qxe7 25. Qb5 Qe4 26. Bd6 Qe6 27. Bf4 Kf7 28. Qd3 Na5 29. Qh7 Qe4 30. Qxe4 dxe4 31. Nd2 Bd5 32. Bd6 Nc4 33. Nxc4 Bxc4 34. Kh2 g6 35. Kg3 Ke6 36. Bb8 a6 37. Bc7 b5 38. Bf4 h5 39. Bc7 Kf5 40. Bd6 Ke6 41. Bf8 Kf5 42. Bd6 Ke6 43. Bc7 Kf5 44. Bb8 Bd5 45. Kh2 Bb3 46. Bc7 Bd5 47. Kg1 Bc4 48. Bd6 Ke6 49. Bf4 Kf5 1/2-1/2

[Event "VIE-ch U13 Girls"]
[Site "Hanoi"]
[Date "2022.06.13"]
[Round "4"]
[White "Nguyen, Bao Chau"]
[Black "Tran, Ha Gia Linh"]
[Result "1/2-1/2"]
[WhiteElo "2156"]
[BlackElo "2143"]
[PlyCount "78"]
[EventDate "2022.06.11"]
[EventType "swiss"]
[EventRounds "9"]
[EventCountry "VIE"]
[SourceTitle "EXT 2023"]
[Source "ChessBase"]
[SourceDate "2022.10.05"]
[SourceVersion "1"]
[SourceVersionDate "2022.10.05"]
[SourceQuality "1"]

1. c4 d5 2. cxd5 Qxd5 3. Nc3 Qd8 4. d4 Nf6 5. e3 e6 6. Nf3 Nbd7 7. Bd3 Be7 8. 0-0 0-0 9. Qc2 h6 10. e4 c6 11. b3 b6 12. Bb2 Bb7 13. e5 Nd5 14. Nxd5 cxd5 15. Qe2 Rc8 16. Rac1 Rxc1 17. Rxc1 Qb8 18. Bb5 Rd8 19. a3 Nf8 20. Rc3 Rc8 21. Qc2 Rxc3 22. Qxc3 a6 23. Bd3 Nd7 24. a4 a5 25. Qc2 Qc8 26. Ne1 Nb8 27. Qxc8+ Bxc8 28. Nc2 Ba6 29. Bxa6 Nxa6 30. Bc3 g6 31. f4 g5 32. f5 Kh7 33. f6 Bf8 34. g4 Kg6 35. Kf2 h5 36. Kf3 Bb4 37. Bxb4 Nxb4 38. Nxb4 axb4 39. h3 h4 1/2-1/2

[Event "VIE-ch U13 Girls"]
[Site "Hanoi"]
[Date "2022.06.12"]
[Round "2"]
[White "Nguyen, Bao Chau"]
[Black "Nguyen, Thuy Linh1111"]
[Result "0-1"]
[WhiteElo "2156"]
[BlackElo "2145"]
[PlyCount "106"]
[EventDate "2022.06.11"]
[EventType "swiss"]
[EventRounds "9"]
[EventCountry "VIE"]
[SourceTitle "EXT 2023"]
[Source "ChessBase"]
[SourceDate "2022.10.05"]
[SourceVersion "1"]
[SourceVersionDate "2022.10.05"]
[SourceQuality "1"]

1. e4 c5 2. Nf3 Nc6 3. Bb5 Nf6 4. d3 a6 5. Bxc6 bxc6 6. 0-0 d5 7. Nc3 Bg4 8. h3 Bh5 9. g4 Bg6 10. exd5 cxd5 11. Ne2 e6 12. c3 Bd6 13. Qa4+ Qd7 14. Qxd7+ Nxd7 15. Rd1 f5 16. Nf4 fxg4 17. hxg4 Bxf4 18. Bxf4 Rf8 19. Ng5 Rxf4 20. Nxe6 Rxg4+ 21. Kf1 Rc8 22. f3 Rh4 23. Kg2 Kf7 24. Kg3 Rh5 25. Nf4 Rg5+ 26. Kf2 Rf5 27. Nh3 Ne5 28. f4 Rf6 29. Ke3 Nc6 30. Rd2 Re8+ 31. Kf2 Ne5 32. Rad1 Ng4+ 33. Kg1 h6 34. Rf1 Bf5 35. Nf2 Nxf2 36. Rfxf2 Re3 37. d4 c4 38. Rg2 Be4 39. Rgf2 Re1+ 40. Rf1 Rxf1+ 41. Kxf1 Rxf4+ 42. Ke2 g5 43. Ke3 Rf3+ 44. Ke2 g4 45. Rd1 Bd3+ 46. Kd2 Rf2+ 47. Ke3 Rf3+ 48. Kd2 Rf1 49. Rxf1+ Bxf1 50. Ke1 Bd3 51. Kf2 h5 52. Kg3 Bb1 53. a3 Kg6 0-1